00722nam a2200181 a 450000100100000000500170001000800410002704000250006804100080009308200120010110000220011324502260013526000690036130000200043054600130045060000520046365000250051500003163820240409073643.0110628t1959 dr 000 0dspa d aDO-SdBNPbspacBNPHU07aeng aF-RD 661 aGarrido, Víctor10aTrujillo patron of sports :bspeech delivered by the Secretary of Education of the Dominican Republic at the formal opening of the Oriental Baseball Stadium in San Pedro de Macorís, october 24, 1959 /cVíctor Garrido. aSan Pedro de Macorís, República Dominicana :b[s.n.],c1959. a16 p. ;c16 cm. aInglés10aTrujillo Molina, Rafael Leónidas,d 1891-1961 4aEstadios, deportivos